Nationwide house price index (Record no. 113258)
[ view plain ]
| 000 -LEADER | |
|---|---|
| fixed length control field | 01030cad a22002055a 4500 |
| 001 - CONTROL NUMBER | |
| control field | L154954 |
| 008 - FIXED-LENGTH DATA ELEMENTS--GENERAL INFORMATION | |
| fixed length control field | 120209s20120201xxk f 000 0 eng d |
| 035 ## - SYSTEM CONTROL NUMBER | |
| System control number | (Sirsi) u154954 |
| 041 0# - LANGUAGE CODE | |
| Language code of text/sound track or separate title | eng |
| 110 2# - MAIN ENTRY--CORPORATE NAME | |
| Corporate name or jurisdiction name as entry element | Nationwide Building Society |
| 9 (RLIN) | 1019 |
| 245 00 - TITLE STATEMENT | |
| Title | Nationwide house price index |
| Remainder of title | January 2012 |
| Medium | [electronic resource] |
| 260 ## - PUBLICATION, DISTRIBUTION, ETC. | |
| Date of publication, distribution, etc. | 2011 |
| 490 #0 - SERIES STATEMENT | |
| Series statement | Nationwide House Price Index |
| Volume/sequential designation | January 2012 |
| 520 ## - SUMMARY, ETC. | |
| Summary, etc. | United Kingdom house prices fell by 0.2% in January 2012 and increased by 0.6% on a year on year basis. The demand/supply balance may move further in favour of buyers in the first half 2012. The economy is not expected to gather much momentum until the second half of 2012 at the earliest, which suggests that labour market conditions and buyer sentiment may be slow to improve. |
| 590 ## - LOCAL NOTE (RLIN) | |
| Local note | KA |
| 651 #4 - SUBJECT ADDED ENTRY--GEOGRAPHIC NAME | |
| Geographic name | United Kingdom |
| Chronological subdivision | |
| 690 ## - LOCAL SUBJECT ADDED ENTRY--TOPICAL TERM (OCLC, RLIN) | |
| Topical term or geographic name as entry element | Residential property |
| 9 (RLIN) | 6266 |
| 856 40 - ELECTRONIC LOCATION AND ACCESS | |
| Uniform Resource Identifier | <a href="https://www.nationwide.co.uk/hpi/historical/Jan_2012.pdf">https://www.nationwide.co.uk/hpi/historical/Jan_2012.pdf</a> |
| Public note | View this item free of charge at www.nationwide.co.uk |
| 942 ## - ADDED ENTRY ELEMENTS (KOHA) | |
| Suppress in OPAC | 0 |
| Withdrawn status | Lost status | Source of classification or shelving scheme | Damaged status | Not for loan | Home library | Current library | Shelving location | Date acquired | Total Checkouts | Full call number | Barcode | Date last seen | Copy number | Price effective from | Koha item type |
|---|---|---|---|---|---|---|---|---|---|---|---|---|---|---|---|
| Dewey Decimal Classification | Virtual | Virtual | Online | 09/02/2012 | ONLINE PUBLICATION | 154954-2001 | 06/08/2019 | 1 | 06/08/2019 | Book |